00752nam a2200181 4500001000700000003000900007005001700016007000300033008004100036100004000077245016100117260003500278300003300313700006100346852002200407999001900429952012200448120432ES-MaACL20230906191542.0t|070214s1967 sp r ||||1| spa d1 aPita Andrade, José Manuel.99239414aLos tesoros de España b: desde Altamira hasta los Reyes Católicos / ctexto de José Manuel Pita Andrade ; introducción de F. J. Sánchez Cantón. aBarcelona : bDestino, c1967. a248 p., 86 lám. ; c33 cm.1 aSánchez Cantón, Francisco Javier,d1891-19719102521 aES-MaACLjC-33918 c120432d120432 00104070aATENEOMbATENEOMcDEPO2d2008-01-17eSCl0oC-33918p1125529r2023-02-23 00:00:00w2023-02-23yMONOGRAFIA